| 000 | 01331nas1a22003131i 4500 | ||
|---|---|---|---|
| 001 | RU\NLR\Perin\1067634 | ||
| 005 | 20260406104556.0 | ||
| 035 | _a(NLR Aleph) 010499768 | ||
| 090 |
_a10132829 _c10132829 |
||
| 100 | _a20140618b19991999|||y0rusy50 ba | ||
| 101 | 0 | _aeng | |
| 102 | _aRU | ||
| 110 | _aay||h|||||| | ||
| 200 | 1 |
_aReport for... _dОтчет Государственного эрмитажа _fThe State Hermitage museum _zrus |
|
| 210 |
_aSt. Petersburg _cThe State Hermitage museum _cSlavia _d1999-1999 |
||
| 311 | _aПродолжается как: The State Hermitage museum annual report | ||
| 440 | 0 |
_12001#$aThe State Hermitage museum annual report _tThe State Hermitage museum annual report |
|
| 510 | 1 |
_aОтчет государственного эрмитажа _zrus |
|
| 541 | 0 |
_aОтчеты Эрмитажа _zrus |
|
| 601 | 0 | 2 |
_aГосударственный Эрмитаж _cСанкт-Петербург, город _jОтчеты _91571695 _3RU\NLR\AUTH\66688749 |
| 686 | 1 | _aЩ101.3(2Р)-2СПб2Эрмитаж я54 | |
| 710 | 0 | 2 |
_8eng _aState Hermitage museum _cSaint Petersburg _7ba _3RU\NLR\AUTH\883266 _9277744 |
| 801 | 0 |
_aRU _bNLR _gPSBO |
|
| 801 | 1 |
_aRU _bNLR _c20140618 _2rusmarc |
|
| 801 | 2 |
_aRU _bNLR _c20140619 _2rusmarc |
|
| 852 |
_aNLR _jP32/1127 |
||
| 942 | _cJOURNAL | ||
| 980 | _aINPER | ||